Programování pro řízení ve Windows /

Hlavní autor: Šusta, Richard, 1956-
Korporativní autor: České vysoké učení technické v Praze. Elektrotechnická fakulta
Jazyk: Čeština
Vydáno: Praha : Vydavatelství ČVUT, 1999
Vydání: Vyd. 1.
Témata:
Fyzický popis: 220 s. : il. ; 29 cm
Knihy
Uloženo v:
LEADER 01352nam a2200337 a 4500
001 000408769
003 CZ BrMZK
005 20080826112928.0
007 ta
008 010907s1999 xr a f cze d
015 |a cnb000653100 
020 |a 80-01-01922-5 
035 |a (OCoLC)42615913 
040 |a BOA001  |b cze 
080 |a 681.3.066 Windows(075.8)  |2 MRF 
100 1 |a Šusta, Richard,  |d 1956-  |7 ntka174671  |4 aut 
245 1 0 |a Programování pro řízení ve Windows /  |c Richard Šusta 
250 |a Vyd. 1. 
260 |a Praha :  |b Vydavatelství ČVUT,  |c 1999 
300 |a 220 s. :  |b il. ;  |c 29 cm 
504 |a Obsahuje bibliografii 
521 8 |a Určeno pro posluchače fakulty elektrotechnické 
653 0 |a Windows  |a operační systémy  |a programování 
710 2 |a České vysoké učení technické v Praze.  |b Elektrotechnická fakulta  |7 kn20010710175 
910 |a BOA001  |b 4-1057.896  |b TK-A-0264.750 
920 |a 000400354 
964 |a Windows  |x programování  |x učebnice  |x školy vysoké 
990 |a BK 
996 6 |b 2610089875  |c 4-1057.896  |l MZK  |r Sklad / do 1 hodiny  |n 16  |p p.v.  |w 000408769  |u 000010  |a 1  |e BOA001  |j MZK50  |s P 
996 7 |b 2610185363  |c 4-1057.896  |l MZK  |r Sklad / do 1 hodiny  |n 6  |p kup  |w 000408769  |u 000020  |a 1  |e BOA001  |j MZK50  |s A 
996 7 |b 2620014006  |c TK-A-0264.750  |l MZK  |r Sklad / do 24 hodin  |n 20  |p kup  |w 000408769  |u 000030  |a 1  |e BOA001  |j MZK50  |s A